Jacksonville Rays. 2. díl, Nájezdy /
Uloženo v:
| Série: | Jacksonville Rays,
část 2 |
|---|---|
| Hlavní autor: | |
| Médium: | Kniha |
| Jazyk: | Czech |
| Vydáno: |
Praha :
Euromedia Group - Ikar,
2026
|
| Vydání: | 1. vydání |
| Celkem bylo vypůjčeno: | 0x |
| Příbuzné jednotky: | Z cyklu::
Jacksonville Rays |
| Tagy: |
Žádné tagy |
| LEADER | 00840nam a2200265 i 4500 | ||
|---|---|---|---|
| 001 | 106326 | ||
| 003 | CZ PrNK | ||
| 005 | 20260513094219.0 | ||
| 008 | 151013p2015 xr ||||| |||| 00| 0 cze d | ||
| 020 | |a 9788024959573 |q (brožováno) | ||
| 040 | |e rda | ||
| 100 | 1 | |a Rath, Emily |7 xx0335395 |9 117264 | |
| 245 | 0 | 0 | |a Jacksonville Rays. |n 2. díl, |p Nájezdy / |c Emily Rath |
| 246 | 3 | 0 | |a Nájezdy |
| 250 | |a 1. vydání | ||
| 264 | 1 | |a Praha : |b Euromedia Group - Ikar, |c 2026 | |
| 300 | |a 588 stran | ||
| 336 | |a text |b txt |2 rdacontent | ||
| 337 | |a bez média |b n |2 rdamedia | ||
| 338 | |a svazek |b nc |2 rdacarrier | ||
| 787 | 0 | 8 | |i Z cyklu: |t Jacksonville Rays |g 2 |
| 910 | |a UOG502 | ||
| 942 | |2 ddc |c KN | ||
| 999 | |d 106326 | ||
| 993 | |0 0 |1 421180107047 |2 ddc |4 0 |7 0 |9 99699 |b 0 |c 107047 |d 2026-05-13 |e 0 |f DOSP |h 559.00 |i Koupě |l DOSP |r 2026-05-13 |t 6 |w 2026-05-13 |y KN |z BELET |n | ||